Arte cuaternario en Asturias, España / (Record no. 67241)

MARC details
000 -LEADER
campo de control de longitud fija 00690nam a2200205 i 4500
001 - NÚMERO DE CONTROL
campo de control 67241
003 - IDENTIFICADOR DE NÚMERO DE CONTROL
campo de control ES-MaACL
005 - FECHA Y HORA DE LA ÚLTIMA TRANSACCIÓN
campo de control 20230906170020.0
007 - CAMPO FIJO DE DESCRIPCIÓN FÍSICA--INFORMACIÓN GENERAL
campo de control de longitud fija t|
008 - DATOS DE LONGITUD FIJA--INFORMACIÓN GENERAL
campo de control de longitud fija 040513s1996 it ||||1| spa d
080 ## - NÚMERO DE LA CLASIFICACIÓN DECIMAL UNIVERSAL
Número de la Clasificación Decimal Universal 7.031.11(460.12)
100 0# - ENTRADA PRINCIPAL--NOMBRE DE PERSONA
Nombre de persona Gómez-Tabanera, José Manuel,
Fechas asociadas al nombre 1926-2011
9 (RLIN) 58165
245 10 - MENCIÓN DEL TÍTULO
Título Arte cuaternario en Asturias, España /
Mención de responsabilidad, etc. [José M. Gómez-Tabanera].
260 ## - PUBLICACIÓN, DISTRIBUCIÓN, ETC.
Lugar de publicación, distribución, etc. [S.l.] :
Nombre del editor, distribuidor, etc. A.B.A.C.O,
Fecha de publicación, distribución, etc. 1996.
300 ## - DESCRIPCIÓN FÍSICA
Extensión p. [73]-86 ;
Dimensiones 21 cm.
500 ## - NOTA GENERAL
Nota general Colloquium XVI, Universality and Regionality in Prehistoric Art.
650 #4 - PUNTO DE ACCESO ADICIONAL DE MATERIA--TÉRMINO DE MATERIA
Término de materia o nombre geográfico como elemento de entrada Arte prehistórico-
Subdivisión geográfica Asturias (Comunidad Autónoma)
9 (RLIN) 10271
852 ## - LOCALIZACIÓN
Ubicación ES-MaACL
Número de control de estantería 2178-F-26
Sublocalización o colección R.133779
Holdings
Estatus retirado Estado de pérdida Estado de daño No para préstamo Colección Biblioteca de origen Biblioteca actual Ubicación en estantería Fecha de adquisición Fuente de adquisición Total de préstamos Signatura topográfica completa Código de barras Visto por última vez Precio de reemplazo Tipo de ítem Koha
        Colección de folletos Biblioteca del Ateneo de Madrid Biblioteca del Ateneo de Madrid Depósito folletos 17/01/2008     2178-F-26 1070416 23/02/2023 23/02/2023 Folleto